LEADER 02121nam a2200421 a 4500 001 000000147882 003 CaOOAMICUS 005 20151202110003.0 008 151202s2015 gw a 001 u fre r 020 $a978-3-7278-1771-7 (Academic Press Fribourg)* 020 $a978-3-525-54398-6 (Vandenhoeck & Ruprecht)* 032 $aLibriCat 040 $aPUL$bita 041 0 $afre$aeng 082 04$a220.05 110 2 $aCollège de France.$bActes du colloque$c(Paris :$d2012).$0(OLS)http://pul/name/94483 245 10$aTabou et transgressions : $bactes du colloque organisé par le Collège de France, Paris, les 11-12 avril 2012 /$cJean-Marie Durand, Michaël Guichard, Thomas Römer (éds.) 260 $aFribourg :$bAcademic Press ;$aGöttingen :$bVandenhoeck & Ruprecht,$c©2015. 300 $aXI, 314 p. :$bill. ;$c24 cm. 490 1 $aOrbis biblicus et orientalis ;$v274 504 $aBibliografia in nota. 546 $a"Summary" in inglese e francese. 650 4$aArcheologia$vCongressi.$0(OLS)http://pul/subject/35614 700 1 $aRömer, Thomas,$d1955-$0(OLS)http://pul/name/43701 700 1 $aGuichard, Michaël.$0(OLS)http://pul/name/94484 700 1 $aDurand, Jean-Marie.$0(OLS)http://pul/name/80547 830 0$aOrbis biblicus et orientalis ;$v274.$0(OLS)http://pul/title/14045 850 $aPUL 852 $aPUL$W1$xSL Religione 3$y85$m220. 05 COLL 1.274$j170725$qDDC 21$B171698$CPULBib$Z2$F171698 $H126655 $81 941 1 $a9 983 0$aOBO. 996 $6020$a978-3-7278-1771-7 (Academic Press Fribourg)*$9(OLS)http://pul/number/159145 996 $6020$a978-3-525-54398-6 (Vandenhoeck & Ruprecht)*$9(OLS)http://pul/number/159144 996 $6082$a220.05$9(OLS)http://pul/classification/282 996 $6245$aTabou et transgressions : $bactes du colloque organisé par le Collège de France, Paris, les 11-12 avril 2012$9(OLS)http://pul/title/186611 996 $6260$aFribourg :$bAcademic Press$9(OLS)http://pul/publisher/75910 996 $6260$aGöttingen :$bVandenhoeck & Ruprecht$9(OLS)http://pul/publisher/47973 LEADER 00957naa a2200217 u 4500 001 000000103557 003 CaOOAMICUS 005 20070226130216.0 008 061120s1959 onc u000 u fre u 035 $a11107322 040 $aIAR$bita 100 1 $aAlverny, Marie-Thérèse d',$d1903-1991.$0(OLS)http://pul/name/14156 245 10$aAnniyya-Anitas /$cMarie-Thérèse d'Alverny. 260 $aToronto :$bPontifical institute of medieval studies ;$aParis :$bLibrairie philosophique J. Vrin,$c1959. 300 $ap. 59-91 ;$c25 cm 500 $aIAR: CCI.470 773 0 $aMélanges offerts à Étienne Gilson. 773 0 $tMélanges offerts à Etienne Gilson de l'Académie Française$gHors Série$w()15457 996 $6245$aAnniyya-Anitas$9(OLS)http://pul/title/130462 996 $6260$aToronto :$bPontifical institute of medieval studies$9(OLS)http://pul/publisher/54715 996 $6260$aParis :$bLibrairie philosophique J. Vrin$9(OLS)http://pul/publisher/47887